Normal view MARC view

Entry Topical Term

Number of records used in: 1

001 - CONTROL NUMBER

  • control field: 16801

003 - CONTROL NUMBER IDENTIFIER

  • control field: OSt

005 - DATE AND TIME OF LATEST TRANSACTION

  • control field: 20200313144708.0

008 - FIXED-LENGTH DATA ELEMENTS

  • fixed length control field: 200313|| aca||aabn | a|a d

040 ## - CATALOGING SOURCE

  • Original cataloging agency: OSt
  • Transcribing agency: OSt

150 ## - HEADING--TOPICAL TERM

  • Topical term or geographic name entry element: European Union

670 ## - SOURCE DATA FOUND

  • Source citation: Work cat.: (OSt): Parker, Owen 16798, A genealogy of EU discourses and practices of deliberative governance: Beyond states and markets?

Powered by Koha